[Event "Chigorin Memorial 27th"]
[Site "St Petersburg"]
[Date "2019.10.12"]
[Round "8"]
[White "Chereshkevich, Yuri"]
[Black "Terman, Elizaveta"]
[Result "1-0"]
[WhiteElo "1478"]
[BlackElo "1100"]
[PlyCount "75"]
[EventDate "2019.10.05"]
[EventType "swiss"]
[EventRounds "9"]
[EventCountry "RUS"]
[SourceTitle "EXT 2021"]
[Source "ChessBase"]
[SourceDate "2020.10.23"]
[SourceVersion "1"]
[SourceVersionDate "2020.10.23"]
[SourceQuality "1"]

1. e3 Nf6 2. b3 g6 3. Bb2 Bg7 4. f4 0-0 5. Nf3 d6 6. g3 Nc6 7. Bg2 Bf5 8. 0-0 Re8 9. d4 Ng4 10. Qe2 Nf6 11. Nc3 Nb4 12. e4 Bc8 13. a3 Nc6 14. d5 Nb8 15. Rad1 b6 16. e5 Nfd7 17. e6 fxe6 18. Qxe6+ Kh8 19. Ng5 Rf8 20. Nf7+ Rxf7 21. Qxf7 Nf6 22. Rfe1 Nbd7 23. Ne4 Bb7 24. Ng5 Qf8 25. Rxe7 Qxf7 26. Nxf7+ Kg8 27. Bxf6 Nxf6 28. Rxc7 Ba6 29. Nxd6 Ne8 30. Nxe8 Rxe8 31. Rxa7 Bc8 32. d6 Be6 33. d7 Rd8 34. Ra8 Bf6 35. Rxd8+ Bxd8 36. Bd5 Bxd5 37. Rxd5 Kf7 38. c4 1-0

[Event "Chigorin Memorial 27th"]
[Site "St Petersburg"]
[Date "2019.10.11"]
[Round "7"]
[White "Terman, Elizaveta"]
[Black "Nikitin, Georgy"]
[Result "0-1"]
[WhiteElo "1100"]
[BlackElo "1920"]
[PlyCount "62"]
[EventDate "2019.10.05"]
[EventType "swiss"]
[EventRounds "9"]
[EventCountry "RUS"]
[SourceTitle "EXT 2021"]
[Source "ChessBase"]
[SourceDate "2020.10.23"]
[SourceVersion "1"]
[SourceVersionDate "2020.10.23"]
[SourceQuality "1"]

1. d4 d5 2. c4 e6 3. Nf3 Nf6 4. g3 Nbd7 5. Bg2 dxc4 6. 0-0 c6 7. Nc3 b5 8. Ne5 Nxe5 9. dxe5 Nd5 10. a3 Qc7 11. Nxd5 cxd5 12. f4 Bc5+ 13. Kh1 Bb7 14. Bd2 d4 15. Rc1 h5 16. b3 h4 17. Be1 Bxg2+ 18. Kxg2 h3+ 19. Kg1 d3+ 20. Kh1 Be3 21. Rb1 Qc6+ 22. Rf3 Rd8 23. Bb4 dxe2 24. Qxe2 Rd3 25. bxc4 bxc4 26. Rbf1 Bb6 27. Bd6 a5 28. Bb8 0-0 29. Bd6 Rd8 30. Be7 Rxf3 31. Rxf3 Rd3 0-1

[Event "Chigorin Memorial 27th"]
[Site "St Petersburg"]
[Date "2019.10.09"]
[Round "5"]
[White "Terman, Elizaveta"]
[Black "Oleinik, Egor"]
[Result "1-0"]
[WhiteElo "1100"]
[BlackElo "1575"]
[PlyCount "51"]
[EventDate "2019.10.05"]
[EventType "swiss"]
[EventRounds "9"]
[EventCountry "RUS"]
[SourceTitle "EXT 2020"]
[Source "ChessBase"]
[SourceDate "2019.10.17"]
[SourceVersion "1"]
[SourceVersionDate "2019.10.17"]
[SourceQuality "1"]

1. d4 d5 2. c4 e6 3. Nc3 Nf6 4. Bg5 Be7 5. Nf3 0-0 6. e3 Nbd7 7. Bd3 b6 8. 0-0 Bb7 9. Qe2 Ne4 10. Bxe7 Qxe7 11. Rac1 c5 12. Nd2 f5 13. f3 Nxd2 14. Qxd2 Rac8 15. cxd5 exd5 16. Bb5 a6 17. Bxd7 Qxd7 18. dxc5 Rxc5 19. Rfd1 Rd8 20. Qd4 Rdc8 21. Qd2 a5 22. e4 fxe4 23. fxe4 Rd8 24. exd5 Bxd5 25. a3 Rcc8 26. Nxd5 1-0

[Event "Chigorin Memorial 27th"]
[Site "St Petersburg"]
[Date "2019.10.06"]
[Round "2"]
[White "Erokhin, Artem"]
[Black "Terman, Elizaveta"]
[Result "1-0"]
[WhiteElo "1851"]
[BlackElo "1100"]
[PlyCount "95"]
[EventDate "2019.10.05"]
[EventType "swiss"]
[EventRounds "9"]
[EventCountry "RUS"]
[SourceTitle "EXT 2020"]
[Source "ChessBase"]
[SourceDate "2019.10.17"]
[SourceVersion "1"]
[SourceVersionDate "2019.10.17"]
[SourceQuality "1"]

1. e4 e6 2. d4 d5 3. Bd3 c5 4. exd5 exd5 5. Nf3 Nf6 6. 0-0 Be7 7. Bf4 0-0 8. h3 Nc6 9. Re1 cxd4 10. Nbd2 Bd6 11. Bxd6 Qxd6 12. Nb3 Bd7 13. Nbxd4 Nxd4 14. Nxd4 Qb6 15. b3 Kh8 16. Nf3 Rfe8 17. Ne5 Kg8 18. Qf3 Qd6 19. Qf4 Re7 20. Re2 Rae8 21. Rae1 Bc8 22. Qd4 a6 23. c4 Qd8 24. f4 dxc4 25. Qxd8 Rxd8 26. Bxc4 Be6 27. Nxf7 Kxf7 28. Rxe6 Rxe6 29. Rxe6 Kf8 30. a4 Re8 31. Rd6 Re1+ 32. Kh2 Re8 33. f5 Re5 34. Be6 Ne4 35. Rd8+ Ke7 36. Rd7+ Kf6 37. h4 Rc5 38. Rxb7 a5 39. Rf7+ Ke5 40. Rxg7 Nf6 41. Bc4 h6 42. Re7+ Kxf5 43. Bd3+ Kf4 44. g3+ Kg4 45. Kg2 Rc3 46. Rg7+ Kh5 47. Be2+ Ng4 48. Bxg4# 1-0

[Event "Chigorin Memorial 27th"]
[Site "St Petersburg"]
[Date "2019.10.05"]
[Round "1"]
[White "Terman, Elizaveta"]
[Black "Putrenko, Kirill"]
[Result "0-1"]
[WhiteElo "1100"]
[BlackElo "1974"]
[PlyCount "108"]
[EventDate "2019.10.05"]
[EventType "swiss"]
[EventRounds "9"]
[EventCountry "RUS"]
[SourceTitle "EXT 2020"]
[Source "ChessBase"]
[SourceDate "2019.10.17"]
[SourceVersion "1"]
[SourceVersionDate "2019.10.17"]
[SourceQuality "1"]

1. d4 Nf6 2. c4 e6 3. Nf3 b6 4. g3 Bd6 5. b3 Bb4+ 6. Bd2 Be7 7. Bg2 d5 8. cxd5 exd5 9. Nc3 0-0 10. 0-0 Bb7 11. Qc2 Na6 12. Rfe1 Re8 13. Bf4 Ne4 14. Nxe4 dxe4 15. Nd2 Nb4 16. Qb2 Bf6 17. Rad1 Bxd4 18. Qb1 Qe7 19. Nc4 Bf6 20. Bd2 Nd5 21. Ne3 Nxe3 22. Bxe3 c5 23. Bf4 Rad8 24. Qc2 g6 25. Rxd8 Rxd8 26. Rd1 Rxd1+ 27. Qxd1 Qd8 28. Qxd8+ Bxd8 29. Bb8 a6 30. e3 f5 31. Kf1 Kf7 32. Be5 Ke6 33. Bb2 Bf6 34. Bxf6 Kxf6 35. Ke2 a5 36. Kd2 Ba6 37. f3 exf3 38. Bxf3 Ke5 39. h4 h6 40. Bc6 g5 41. hxg5 hxg5 42. Bd7 b5 43. Bc6 b4 44. Bf3 c4 45. Kc2 Bb5 46. Bg2 a4 47. Bf3 cxb3+ 48. axb3 a3 49. Bh1 Bd3+ 50. Kc1 Be4 51. Bxe4 Kxe4 52. Kb1 Kxe3 53. Kc2 f4 54. gxf4 gxf4 0-1